LEADER 00591nab a2200145 i 4500 001 000000284028 003 CaOOAMICUS 005 20180831165248.0 008 180831n xx uu u0 0und r 013 $a37260 040 $aSeMil$bita 245 10$a7. Incontro mondiale delle famiglie, Milano 29 maggio - 3 giugno 2012 :$bNovità in libreria. - 1 pieghevole. 500 $aInserto promozionale. 773 0 $t2011-2012.$dBologna : EDB, 2012.$w()238706 996 $6245$a7. Incontro mondiale delle famiglie, Milano 29 maggio - 3 giugno 2012 :$bNovità in libreria. - 1 pieghevole$9(OLS)http://semarc/title/365397 LEADER 00484nab a2200145 i 4500 001 000000313287 003 CaOOAMICUS 005 20180831173109.0 008 180831n xx uu u0 0und r 013 $a22378 040 $aSeMil$bita 100 1 $aTondelli, Leone,$d<1893-1953>.$0(OLS)http://semarc/name/8476 245 10$aBollettini: Studi Neo-Testamentari. 773 0 $t[Gennaio-Giugno].$g203-218, 281-29$w()274232 996 $6245$aBollettini: Studi Neo-Testamentari$9(OLS)http://semarc/title/387584